=LDR 00000nam 2200000 4500 =001 INLIS000000000049164 =005 20170126093647.0 =006 =007 =008 =020 ##$$a 978-602-317-101-9 =035 ##$$0010-011700000000445 =040 ##$$a NBPDMAT =082 ##$$a 028 ,5 =090 ##$$a 028 ,5 Nur t =100 ##$$a Nur sillaturohmah =245 ##$$a 33 cerita terheboh dalam Al - Qur,an : Kisah kisah Islami pembentukan karakter & akhlak mulia / $c Nur sillaturohmah =260 ##$$a Surakarta : $b Al - Qudwah publishing, $c 2015 =300 ##$$a 165 hlm . : $b ilus . ; $c 24 cm =500 ##$$a Bibliografi : hlm .162 - 163 =500 ##$$a Biografi : hlm .164 =650 ##$$a Bacaan Kanak - Kanak =990 ##$$a 21602772 =990 ##$$a 21602770 =990 ##$$a 21602771 =990 ##$$a 21602773 =990 ##$$a 21602774